Liedtext - Pocahontas - AnnenMayKantereit - Statistiken

Allgemein
  • Dieses Quiz wurde 1.135 mal gespielt
  • Das Durchschnittsergebnis liegt bei 153 aus 192
Antwortstatistiken
Textquiz % Korrekt
es
98%
Es
98%
mir
98%
Pocahontas
98%
Das
97%
das
97%
Du
97%
du
97%
ich
97%
Ich
97%
tut
97%
Tut
97%
leid
96%
hoffe
93%
weißt
93%
so
85%
'n
82%
dich
81%
Und
81%
weh
78%
Wie
78%
nicht
77%
der
76%
Die
73%
wieder
73%
dass
72%
dir
71%
den
70%
halt'
70%
ist
69%
lass'
69%
los
69%
zu
69%
An
68%
wir
68%
fest
66%
schon
66%
gibst
64%
von
64%
bei
63%
Rest
63%
viel
63%
Haltestelle
62%
mehr
62%
stehen
62%
Weil
62%
groß
61%
nur
61%
Zeug
61%
Tasche
60%
ertrage
59%
mich
59%
Wo
59%
rumliegt
58%
man
57%
sich
56%
egal
55%
gehen
55%
sieht
55%
wiederzusehen
54%
gleich
51%
grade
50%
pennst
50%
nennst
48%
jetzt
45%
kennst
44%
sind
44%
Um
44%
beschissener
43%
gut
43%
Grund
42%
lang'
42%
verdammt
41%
zusammen
41%
Aber
40%
aufzuhören
40%
damit
40%
eigentlich
34%
Keine übereinstimmenden Quizze gefunden
Verteilung der Resultate
Anzahl Personen mit jedem Resultat
Perzentil nach korrekt beantworteten Fragen
Ihre Resultats-Entwicklung
Sie haben dieses Quiz noch nicht gespielt